Normal view
MARC view
Entry Personal Name
001 - CONTROL NUMBER
- control field: 3276
003 - CONTROL NUMBER IDENTIFIER
- control field: BD-RjUL
005 - DATE AND TIME OF LATEST TRANSACTION
- control field: 20220530104852.0
008 - FIXED-LENGTH DATA ELEMENTS
- fixed length control field: 220530|| aca||aabn | a|a d
040 ## - CATALOGING SOURCE
- Original cataloging agency: BD-RjUL
- Transcribing agency: BD-RjUL
100 ## - HEADING--PERSONAL NAME
- Personal name: রশীদ, মো: বজলুর
670 ## - SOURCE DATA FOUND
- Source citation: Work cat.: (BD-RjUL)79875: রশীদ, মো: বজলুর, রাজশাহী জেলার ধর্মীয় ও সাংস্কৃতিক সংগঠন : , ২০০৭